Detalles MARC
| 000 -LIDER |
| fixed length control field |
01598nam a22002897a 4500 |
| 001 - NÚMERO DE CONTROL |
| Identificador de número de control |
0002365 |
| 003 - IDENTIFICACDOR DE NÚMERO DE CONTROL |
| control field |
DO-SdBNP |
| 005 - DATE AND TIME OF LATEST TRANSACTION |
| control field |
20150603132507.0 |
| 007 - CAMPOS FIJOS DE DESCRIPCIÓN FÍSICA |
| fixed length control field |
0002365 |
| 008 - ELEMENTOS DE LONGITUD FIJA |
| fixed length control field |
150603b xxu||||| |||| 00| 0 spa d |
| 020 ## - ISBN |
| International Standard Book Number |
97899454616644 (v.2) |
| 020 ## - ISBN |
| International Standard Book Number |
9789945461672(v.3) |
| 020 ## - ISBN |
| International Standard Book Number |
9789945461680 (v.4) |
| 040 ## - FUENTE DE CATALOGACIÓN |
| Agencia que crea de manera original el registro |
BPMET |
| Idioma de catalogación |
spa |
| Agencia que realiza la transcripción |
BPMET |
| 100 ## - ASIENTO PRINCIPAL -- NOMBRE PERSONAL |
| Término de relación |
Severino, Banahi |
| 245 ## - MENCIÓN DE TITULO |
| Título |
Ciencias sociales / |
| Mención de responsabilidad |
Bahahi Severino, Alejandro Hernández Grullón, Juan Ricardo Hernández Polanco; ilustraciones y fotografías Ramón Sandoval, Deyanira Féliz Moreno |
| 250 ## - MENCIÓN DE EDICION |
| Mención de edición |
3a. ed. |
| 260 ## - PUBLICACIÓN, DISTRIBUCIÓN, ETC. (PIE DE IMPRENTA) |
| Lugar de publicación, distribución, etc |
Santo Domingo : |
| Nombre del editor, distribuidor, etc. |
Actualidad Escolar 2000, |
| Fecha de publicación, distribución, etc |
2009 |
| 300 ## - DESCRIPCIÓN FÍSICA |
| Extensión |
v.- |
| Otros detalles físicos |
il., mapas, retrs. |
| Dimensiones |
28 cm. |
| 500 ## - NOTA GENERAL |
| Nota general |
La biblioteca posee los grados 2-4 |
| 500 ## - NOTA GENERAL |
| Nota general |
Este libro ha sido realizado de acuerdo al curriculum vigente y aprobado como libro de texto por la SEE, bajo el no. 6096 de fecha 4 de julio 2006, revisado y actualizado al 2009 |
| 500 ## - NOTA GENERAL |
| Nota general |
La catalogación fue tomada del ejemplar v. 3 |
| 505 ## - NOTA DE CONTENIDO |
| Información miscelánea |
v. 2 : |
| Título |
Unidad 1 -- |
| -- |
Yo vivo en mi comunidad -- |
| -- |
Unidad 2 -- |
| -- |
¿Cómo se organiza mi comunidad? -- |
| -- |
Unidad 3 -- |
| -- |
República Dominicana es mi país -- |
| Información miscelánea |
v. 3 : |
| Título |
Familia y comunidad -- |
| -- |
Cultura y comunidad en los municipios dominicanos -- |
| -- |
República Dominicana, primeros pobladores -- |
| Información miscelánea |
v. 4 |
| Título |
Provincias y regiones dominicanas -- |
| -- |
Relieve, hidrografía y clima de las regiones de la República Dominicana -- |
| -- |
3Primeros pobladores y llegada de los españoles -- |
| 700 ## - ASIENTO SECUNDARIO -- NOMBRE PERSONAL |
| Término de relación |
Hernández Grullón, Alejandro |
| 700 ## - ASIENTO SECUNDARIO -- NOMBRE PERSONAL |
| Término de relación |
Hernández, Juan Ricardo |
| 942 ## - ADDED ENTRY ELEMENTS (KOHA) |
| Source of classification or shelving scheme |
Dewey Decimal Classification |
| Koha item type |
Libros |